[Event "ICS rated blitz match"]
[Site "207.99.83.227"]
[Date "1999.04.22"]
[Round "?"]
[White "Hossa"]
[Black "borrachodeperu"]
[Result "1-0"]
[WhiteElo "2423"]
[BlackElo "2200"]
[Annotator "Fritz 5.32 (15s)"]
[PlyCount "37"]

1. e4 c6 2. Nf3 d5 3. exd5 cxd5 4. d4 Nc6 5. Bb5 (5. c3 Nf6 6. Bf4 g6 7. Bd3
Bg7 8. Nbd2 Bf5 9. Bxf5 gxf5 10. Qc2 e6 11. h4 h6 12. O-O-O b5 13. Ne5 Rc8 14.
Qb3 Nxd4 15. Qb4 Ne2+ 16. Kb1 Nxf4 17. Qxf4 Qc7 18. Nd3 Qxf4 19. Nxf4 19... Ng4
{Madman-vangelis/ICS 1995/0-1 (33)}) (5. h3 Bf5 6. Bd2 e6 7. Bb5 Bd6 8. O-O Nf6
9. Nc3 O-O 10. Bxc6 bxc6 11. Nh4 Be4 12. Bg5 Bg6 13. Nxg6 hxg6 14. Qf3 Rb8 15.
b3 Be7 16. Rad1 Qa5 17. a4 Rfc8 18. Bf4 Rb7 19. Bd2 19... Qb6 {
Sriyanto-Petre,R/World Cities, Jakarta INA 1997/0-1 (38)}) 5... Bd7 6. O-O $146
(6. c3 a6 7. Bd3 e6 8. Bf4 Nf6 9. Nbd2 Be7 10. O-O O-O 11. Qc2 h6 12. h3 Bc8
13. Ne5 Bd6 14. Nxc6 bxc6 15. Bxd6 Qxd6 16. Nf3 c5 17. dxc5 Qxc5 18. Rfe1 Bd7
19. Nd4 Rfb8 20. Rab1 Rb6 21. Nf3 Bb5 22. Bxb5 Qxb5 23. Nd4 Qd7 24. Nb3 Rab8
25. Nc5 Qc6 26. Nb3 Ne4 27. Na5 {- Schulz,S-Pfaff,A/Guben 1996 (27)}) 6... e6
7. Bf4 Nf6 8. Nbd2 $15 (8. c3 Qb6 9. Qb3 Na5 10. Bxd7+ Nxd7 11. Qxb6 11... Nxb6
$11) 8... Be7 $11 (8... Qb6 9. Bxc6 Bxc6 10. Nb3 $11) 9. Qe2 O-O (9... Qb6 10.
c3 $11) 10. c3 {Befestigt b4} 10... Re8 11. Rae1 (11. Bd3 11... Qb6 $14) 11...
Rc8 $14 (11... Qb6 12. b3 $11) 12. Bd3 Nh5 13. Be3 Bd6 14. Ne5 Nf6 (14... Nxe5
$4 {vergiftet...} 15. dxe5 Bb8 16. Qxh5 $18) ({Jedoch nicht} 14... Bxe5 15.
Bxh7+ (15. Qxh5 $6 15... g6 16. Qf3 16... Bg7 $11) 15... Kxh7 16. Qxh5+ Kg8 17.
dxe5 $16) 15. Bg5 (15. Nxd7 $6 15... Nxd7 16. f4 16... Qa5 $11) 15... h6 $18 (
15... Rc7 $5 $16) 16. Bxf6 gxf6 17. Qg4+ Kf8 18. Nxf7 $1 {glaenzend gespielt} (
18. Nxd7+ $6 18... Qxd7 19. Re3 19... f5 $11) 18... Ke7 $4 {
auch bessere Zuege haetten die Partie nicht gerettet.} (18... Qe7 $142 19. Bg6
19... f5 $18) 19. Nxd8 (19. Nxd8 Nxd8 20. Nf3 $18) 1-0

[Event "ICS rated bullet match"]
[Site "207.99.83.227"]
[Date "1999.04.22"]
[Round "?"]
[White "Hossa"]
[Black "borrachodeperu"]
[Result "1-0"]
[WhiteElo "2443"]
[BlackElo "2200"]
[Annotator "Fritz 5.32 (15s)"]
[PlyCount "69"]

1. d4 Nf6 2. c4 e6 3. Nf3 Bb4+ 4. Bd2 Qe7 5. e3 b6 6. Bd3 Bb7 7. O-O (7. Nc3
Bxc3 8. Bxc3 Ne4 9. Bxe4 Bxe4 10. O-O O-O 11. Nd2 Bb7 12. e4 f5 13. Re1 fxe4
14. Nxe4 d5 15. cxd5 Bxd5 16. Qg4 Nc6 17. a3 Rf5 18. f3 Raf8 19. Qg3 a5 20. Re3
b5 21. Rc1 21... b4 {Nguyen Anh Dung-Horvath,A/Budapest HUN 1998/ - (47)}) 7...
O-O 8. Ng5 $146 (8. Bxb4 Qxb4 9. b3 9... Qe7 $11) 8... h6 9. Nf3 Nc6 10. e4 (
10. Nc3 10... d5 $11) 10... Bxd2 11. Qxd2 Nb4 12. e5 {Weiss gewinnt Raum} 12...
Ne4 ({Und nicht} 12... Nxd3 13. exf6 (13. Qxd3 $6 13... Ne4 $11) 13... Qxf6 14.
Qxd3 Bxf3 15. Qxf3 Qxd4 16. Qb3 $16) 13. Qe2 Nxd3 14. Qxd3 f5 15. Na3 (15. Nc3
Nxc3 16. Qxc3 16... d5 $11) 15... a6 {Deckt b5} 16. Rae1 Kh8 17. Qe3 g5 18. Nc2
(18. Rd1 f4 19. Qc1 19... g4 $15) 18... g4 {
Raumgewinn. Schwarz haelt das Heft fest in der Hand} 19. Nd2 $17 (19. Qxh6+ Qh7
20. Qxh7+ Kxh7 21. Rxe4 21... fxe4 $15) 19... f4 20. Qd3 Nxd2 21. Qxd2 Qh7 22.
f3 {Verwehrt dem Gegner e4} 22... gxf3 23. gxf3 {
Schwarz entwickelt Drohungen in der offenen g-Linie} 23... Rg8+ 24. Kh1 Qf5 25.
Qe2 (25. Re2 25... b5 $17) 25... Qh3 26. Rd1 Rg3 27. d5 exd5 28. cxd5 28...
Rag8 {Droht Matt: Rg2} 29. Ne1 h5 (29... d6 30. exd6 cxd6 31. a3 $17) 30. Rc1
$19 (30. Rd4 $5 $17 $142) 30... R3g7 $17 (30... Bxd5 $5 $142 31. a4 31... c6
$19) 31. Rxc7 Bxd5 32. a4 $19 (32. b3 $5 $17) 32... Rg3 (32... b5 33. axb5 axb5
34. e6 (34. Qxb5 $4 34... Rg2 35. Nxg2 Qxg2#) 34... Bxe6 35. b3 Bxb3 36. Qxb5
$19) 33. b4 (33. Rc3 $5 $19) 33... Rg2 $4 $18 {laesst den Gewinn aus} (33...
Bxf3+ $142 {mit klarem Vorteil fuer Schwarz} 34. Nxf3 34... Rg2 $19) 34. Nxg2
Bxf3 (34... Qf5 $18 {ist vielleicht noch ein Schwindelversuch}) 35. Rxf3 (35.
Rxf3 Qg4 36. h3 $18) 1-0

[Event "ICS rated bullet match"]
[Site "207.99.83.227"]
[Date "1999.04.22"]
[Round "?"]
[White "borrachodeperu"]
[Black "Hossa"]
[Result "0-1"]
[WhiteElo "2127"]
[BlackElo "2443"]
[Annotator "Fritz 5.32 (15s)"]
[PlyCount "86"]

1. Nf3 d5 2. c4 dxc4 3. Na3 e5 (3... c5 4. Nxc4 Nc6 5. g3 f6 6. Bg2 e5 7. d3
Nge7 8. O-O Nf5 9. Bd2 Be7 10. a3 Be6 11. b4 cxb4 12. axb4 a6 13. Na5 Qb6 14.
Nxc6 bxc6 15. Qa4 O-O 16. Rfc1 c5 17. e4 Nh6 18. Rab1 Rfb8 19. d4 exd4 20. Nxd4
cxd4 21. Rc6 Qb5 22. Qxb5 Rxb5 23. Rxe6 Kf7 24. Rc6 Rab8 25. Rxa6 Bxb4 26. Bf1
R5b7 27. Bc4+ Kg6 28. Bd5 Rb5 29. Bc6 Bxd2 30. Rxb5 Rxb5 31. Bxb5 Ng4 32. h3
Ne5 33. f4 Nf3+ 34. Kf2 Ne1 35. Ra2 Bc3 36. Re2 {
1-0 Martin,B-Shaw,J/It, Sheffield ENG (4) 1996 (36)}) 4. Nxc4 $146 (4. Nxe5
Bxa3 5. Qa4+ b5 6. Qxa3 Nf6 7. d3 (7. Qf3 Qd5 8. d3 Be6 9. Qxd5 Nxd5 10. Bd2
cxd3 11. e4 Nb6 12. Bxd3 a6 13. b3 f6 14. Nf3 c5 15. Be3 N8d7 16. O-O Rc8 17.
Rfc1 Ke7 18. Be2 Rc7 19. a4 Bxb3 20. axb5 axb5 21. Bxb5 21... Be6 {
(USA),S-(RUS),E/Moscow (Russia) 1964/1-0 (33)}) (7. b3 Qd6 8. Bb2 8... c3 {
0-1 Torre,E-Ed,L/Chicago 1926 (8)}) 7... Qd6 8. Qxd6 cxd6 9. Nf3 Nc6 10. Bd2
cxd3 11. Rc1 Ne5 12. Nxe5 dxe5 13. Rc5 O-O 14. exd3 e4 15. dxe4 Nxe4 16. Rxb5
Re8 17. Be3 Nd6 18. Ra5 Bb7 19. Be2 Bxg2 20. Rg1 Be4 21. Rxa7 Rac8 22. Rg5 Nf5
23. Bg4 Nxe3 24. Bxc8 Nc2+ 25. Kd2 Rxc8 26. Re5 Bg6 27. Rea5 Rd8+ 28. Kc3 Rc8+
29. Kd2 29... Rd8+ {- Alvarez Ibarra,D-Pina,U/Capablanca mem-C 1992 (29)}) 4...
e4 5. Ng1 Nc6 6. Qc2 Nf6 7. b3 Bc5 8. Bb2 O-O 9. e3 Nb4 10. Qb1 Be6 11. a3 Nd3+
12. Bxd3 exd3 13. Nf3 b5 14. Nce5 Bxb3 15. Bd4 Bc2 16. Qxb5 Bxd4 17. Nxd4 a6
18. Qc5 Ne4 19. Qc6 Nd6 20. O-O Qe7 21. Nef3 Nb5 22. Nxb5 axb5 23. Qxb5 Rxa3
24. Qe5 Qxe5 25. Nxe5 Rfa8 26. Rxa3 Rxa3 27. f3 Ra2 28. h3 f6 29. Ng4 Bb3 30.
Rb1 Be6 31. Rd1 Bd7 32. Nf2 Ba4 33. Rc1 Rxd2 34. Rc3 Rxf2 35. Kxf2 d2 36. Rd3
d1=Q 37. Rxd1 Bxd1 38. e4 Kf7 39. g3 c5 40. Ke3 Ke6 41. f4 Bc2 42. g4 g5 43. e5
gxf4+ (43... gxf4+ 44. Kxf4 44... fxe5+ $19) 0-1

[Event "ICS Rated blitz match"]
[Site "207.99.83.227"]
[Date "1999.04.22"]
[Round "?"]
[White "Hossa"]
[Black "rajah"]
[Result "1-0"]
[WhiteElo "2423"]
[BlackElo "2454"]
[Annotator "Fritz 5.32 (10s)"]
[PlyCount "105"]

1. d4 Nf6 2. c4 e6 3. Nf3 Be7 4. Bg5 $146 (4. d5 O-O (4... d6 5. Nc3 e5 6. e4
Bg4 7. Be2 Nbd7 8. Be3 b6 9. Nd2 Bxe2 10. Qxe2 Nf8 11. h4 h5 12. f3 N6d7 13. g3
Ng6 14. O-O-O a5 15. Kb1 Nc5 16. f4 Bf6 17. f5 Nf8 18. Nb5 Qe7 19. b3 {
Gonzalez,G-Sarkozi,F/1-0 (38)}) 5. Nc3 d6 6. e4 e5 7. h3 a5 8. Bd3 Na6 9. Be3
Nd7 10. Qd2 Ndc5 11. Bc2 f5 12. exf5 Bxf5 13. Bxf5 Rxf5 14. O-O Qd7 15. Bxc5
Nxc5 16. Qe2 Raf8 17. Nd2 Rf4 18. Nde4 18... Nxe4 {
Bredemeier,D-Hildebrand,G/RLNS 1991/1-0 (56)}) (4. Nc3 O-O 5. e4 d5 6. e5 Ne8
7. Be2 c6 8. O-O a6 9. c5 b6 10. cxb6 Qxb6 11. Na4 Qc7 12. Bd2 Nd7 13. Rc1 Bb7
14. Bd3 Rc8 15. Re1 g6 16. Qe2 Ng7 17. b3 Ra8 18. Ng5 18... Qd8 {
Eston,M-Raymond,L/World Cities, Jakarta INA 1997/0-1 (54)}) 4... O-O 5. e3 c5
6. Bd3 cxd4 7. exd4 7... Qb6 $14 (7... d5 8. Nc3 $11) 8. Qc2 Nc6 9. Bxf6 Bxf6
10. Bxh7+ Kh8 11. Nc3 (11. Bd3 11... d5 $11) 11... g6 12. Bxg6 $17 (12. c5 Qb4
13. Bxg6 13... fxg6 $17) 12... fxg6 13. c5 Qb4 14. a3 $19 (14. Qd2 Bg7 (14...
Nxd4 $6 15. Qh6+ Kg8 16. Ng5 Nc2+ 17. Kf1 Qc4+ 18. Kg1 Bxg5 19. Qxg6+ Kh8 20.
Qh5+ Kg7 21. Qxg5+ Kf7 22. Qh5+ Kg7 23. Qg5+ Kh7 24. Qh5+ Kg7 25. Qg5+ $11) 15.
a3 15... Qb3 $17) 14... Nxd4 15. Nxd4 (15. axb4 $4 {zu materialistisch gespielt
} 15... Nxc2+ 16. Kd2 Nxa1 17. Rxa1 17... Kg7 $19) 15... Qxd4 16. Qxg6 Qxc5 17.
Ne4 Qe5 18. O-O 18... Qxb2 $4 $11 {gibt den Vorteil aus der Hand} (18... Qf4
$142 {Schwarz haette nun das bessere Spiel} 19. Rad1 19... Be5 $19 (19... Bxb2
20. Rd3 Qh4 21. Ng5 $18)) 19. Nd6 $17 (19. Rac1 $142 {
damit waere Weiss im Spiel geblieben} 19... Qe5 20. Rc3 Qxc3 21. Qh6+ Kg8 22.
Qg6+ Kh8 23. Qh6+ Kg8 24. Qg6+ 24... Kh8 $11) 19... Bd4 (19... Qd2 20. Rad1 Qg5
21. Nf7+ Rxf7 22. Qxf7 $15) 20. Nf7+ Rxf7 21. Qxf7 Qxa1 22. Qf8+ Kh7 23. Rxa1
$17 (23. Qf7+ Kh6 24. Rxa1 Bxa1 25. g4 Bf6 26. Qxf6+ Kh7 27. Qf7+ Kh8 28. g5 b5
29. g6 b4 30. Qh7#) 23... Bxa1 24. Qf7+ Bg7 25. h4 Kh8 26. g4 (26. Qe8+ 26...
Kh7 $11) 26... d5 $16 (26... b6 $5 $11 $142 {und Schwarz kann noch kaempfen})
27. g5 {Droht Qe8} 27... b6 28. h5 $16 (28. g6 Ba6 29. h5 Rf8 30. Qxa7 Rf5 31.
Qxa6 31... Bd4 $18) 28... Ba6 29. h6 {Droht Matt} 29... Bxh6 30. gxh6 Rg8+ 31.
Kh2 Bd3 32. Qxe6 Rg6 33. Qxd5 Rxh6+ 34. Kg3 Rg6+ 35. Kh4 35... Bb1 $2 (35...
Rh6+ $142 36. Kg5 Rg6+ 37. Kh5 37... Bb1 $18) 36. Qa8+ (36. Qd1 $142 {
ist genauer} 36... Rh6+ 37. Kg5 Rg6+ 38. Kf4 Rf6+ 39. Ke5 Rxf2 40. Qxb1 40...
Rf7 $18) 36... Kg7 37. Qxa7+ Kf8 38. Qb8+ Kf7 39. Qc7+ Ke8 40. f4 Rf6 41. Kg4
Rg6+ 42. Kh5 Kf8 43. Qd8+ Kf7 44. Qd7+ Kf8 45. Qb5 Rg1 46. Qxb6 Rd1 (46... Rf1
47. Qc5+ Kg7 48. Kg5 $18) 47. f5 (47. Kg5 $5 $142 {
erleichterte Weiss die Gewinnfuehrung} 47... Ke7 48. Qc7+ Ke6 49. f5+ Bxf5 50.
Qc6+ Ke7 51. Kxf5 Rf1+ 52. Ke5 Re1+ 53. Kd5 Rd1+ 54. Ke4 Re1+ 55. Kd4 55... Kd8
$18) 47... Ba2 48. Kg6 Bb1 (48... Ke8 49. Qc7 Rd7 50. Qb8+ Rd8 51. Qb5+ Ke7 52.
f6+ Ke6 53. Qe2+ Kd7 54. Qxa2 54... Kd6 $18) 49. Qc7 (49. Kf6 Ke8 50. Qc7 Rd7
51. Qe5+ Kf8 52. Qb8+ Rd8 53. Qxd8#) 49... Rd7 (49... Ba2 {
waere gleichermassen fruchtlos} 50. Kf6 Re1 51. Qb8+ Re8 52. Qd6+ Kg8 53. Qg3+
Kf8 54. Qg7#) 50. Qxd7 Bxf5+ 51. Kxf5 Kg8 52. Kg6 Kf8 53. Qf7# 1-0

[Event "ICS Rated blitz match"]
[Site "207.99.83.227"]
[Date "1999.04.22"]
[Round "?"]
[White "rajah"]
[Black "Hossa"]
[Result "0-1"]
[WhiteElo "2437"]
[BlackElo "2440"]
[PlyCount "124"]

1. c4 Nf6 2. Nf3 e6 3. d4 d5 4. Nc3 Bb4 5. cxd5 exd5 6. e3 Bg4 7. Qa4+ Nc6 8.
Ba6 Bd7 9. Bxb7 Nxd4 10. Qd1 Nxf3+ 11. gxf3 Rb8 12. Bxd5 O-O 13. e4 Nxd5 14.
Qxd5 Qf6 15. Qd3 Rbd8 16. Qe3 Bh3 17. e5 Qg6 18. Bd2 Qc2 19. Rc1 Qxb2 20. Rb1
Rxd2 21. Qxd2 Qxc3 22. Rxb4 Qa1+ 23. Ke2 Qxh1 24. Qc3 Rc8 25. Rb7 c5 26. Rxa7
Bf1+ 27. Kd2 Rd8+ 28. Kc2 c4 29. e6 Bd3+ 30. Kd2 Qxf3 31. exf7+ Kh8 32. Kc1
Qxf2 33. Re7 Bg6 34. Re8+ Rxe8 35. fxe8=Q+ Bxe8 36. Qxc4 Qg1+ 37. Kd2 Qxh2+ 38.
Kc1 Qe5 39. a3 Qa1+ 40. Kd2 Qxa3 41. Qe6 Qb2+ 42. Ke3 Qc3+ 43. Kf2 Qf6+ 44.
Qxf6 gxf6 45. Ke3 h5 46. Kf3 h4 47. Kg4 h3 48. Kxh3 Kg7 49. Kg4 Kg6 50. Kf4 f5
51. Ke3 Kg5 52. Ke2 Kg4 53. Kf2 f4 54. Kg2 f3+ 55. Kf2 Kf4 56. Ke1 Ke3 57. Kd1
f2 58. Kc1 Bf7 59. Kc2 f1=Q 60. Kc3 Qb5 61. Kc2 Ba2 62. Kc3 62... Qb3# {
rajah checkmated} 0-1

[Event "ICS Rated blitz match"]
[Site "207.99.83.227"]
[Date "1999.04.22"]
[Round "?"]
[White "Hossa"]
[Black "rajah"]
[Result "0-1"]
[WhiteElo "2456"]
[BlackElo "2421"]
[Annotator "Crafty v16.6"]
[PlyCount "166"]

{annotating for player Hossa using a scoring margin of +0.10 pawns. search
time limit is 10.00} 1. d4 1... e6 2. e4 d5 3. e5 ({7:-0.24} 3. e5 3... Bb4+ 4.
c3 Be7 5. Qg4 g6 6. Bb5+ Bd7 7. Qe2 $10) ({7:+0.05} 3. Nc3 3... dxe4 4. Nxe4
Qd5 5. Nc3 Bb4 6. Qd2 Qf5 7. Nf3 $10) 3... c5 4. Nf3 cxd4 5. Nxd4 Bd7 6. Bd3
Nc6 7. Nxc6 Bxc6 8. O-O Ne7 9. Nc3 Ng6 10. Bxg6 hxg6 11. Qg4 Qh4 12. Qxh4 Rxh4
13. Bd2 d4 14. Ne2 Bb5 15. Rfe1 Rc8 16. Rac1 Re4 17. Ng3 Rxe1+ 18. Bxe1 d3 19.
c3 f6 20. Rd1 fxe5 21. Bd2 Rd8 22. Re1 Bd6 23. Be3 Bc7 24. Ne4 Bc6 25. Ng5 Bd5
26. b3 Rd7 27. c4 Bc6 28. Bxa7 d2 29. Rd1 Ke7 30. Bc5+ Bd6 31. Bb6 Bb4 32. h4
Rd3 33. Be3 Bc3 34. Kf1 b5 35. Ke2 bxc4 36. bxc4 Rd7 37. Bxd2 Ba4 38. Bxc3
Bxd1+ 39. Ke3 Ra7 40. Bb4+ Ke8 41. a3 Bb3 42. c5 Bd5 43. Nf3 Bxf3 44. Kxf3 Rf7+
45. Ke3 Rf4 46. g3 Rc4 47. Kd3 Rd4+ 48. Ke2 e4 49. Ke1 Kd7 50. Kf1 Kc6 51. Kg2
e5 52. Kf1 Rd1+ 53. Ke2 Rd3 54. Ke1 e3 55. f3 Rb3 56. Ke2 Kd5 57. g4 Kd4 58.
Kf1 Kd3 59. Be1 Rxa3 60. c6 Ra1 61. c7 Rc1 62. c8=Q Rxc8 63. Kg2 e2 64. Kf2 e4
65. fxe4 Rf8+ 66. Kg3 Rf1 67. Bb4 Kxe4 68. Ba5 e1=Q+ 69. Bxe1 Rxe1 70. Kf2 Rh1
71. g5 Rxh4 72. Ke2 Rh5 73. Kd2 Rxg5 74. Kc3 Rd5 75. Kb3 g5 76. Ka4 g4 77. Kb3
g3 78. Kc3 g2 79. Kc4 g1=Q 80. Kc3 Qc1+ 81. Kb3 Qb1+ 82. Kc3 Rc5+ 83. Kd2 Rc2#
0-1

[Event "ICS rated blitz match"]
[Site "207.99.83.227"]
[Date "1999.04.22"]
[Round "?"]
[White "rajah"]
[Black "Hossa"]
[Result "1-0"]
[WhiteElo "2439"]
[BlackElo "2438"]
[Annotator "Crafty v16.6"]
[PlyCount "121"]

{annotating for player Hossa using a scoring margin of +0.10 pawns. search
time limit is 10.00} 1. e4 1... c5 2. Nf3 d6 3. Nc3 e5 4. Bc4 Nc6 5. O-O Bg4 6.
h3 Bxf3 ({8:-1.12} 6... Bxf3 7. Qxf3 Nf6 8. Nd5 Be7 9. Qb3 Qd7 10. Nxe7 Qxe7
11. Qe3 $16) ({8:-0.81} 6... Bd7 7. d3 Be7 8. Ng5 Nh6 9. Qh5 O-O 10. Nd5 $16)
7. Qxf3 Nf6 8. Nb5 a6 9. Nc3 b5 10. Bd5 Nxd5 11. Nxd5 Ne7 ({9:-0.78} 11... Ne7
12. Qd3 c4 13. Qg3 Nxd5 14. exd5 Qf6 15. Re1 Be7 16. Qe3 $16) ({9:-0.56} 11...
Be7 12. d3 O-O 13. Qg4 Nb4 14. Nxb4 cxb4 15. Bh6 Bf6 16. Rae1 $14) 12. Ne3 Ng6
13. d3 Be7 14. Nd5 O-O 15. Qh5 Bh4 16. Be3 f5 17. exf5 Ne7 18. Nxe7+ Qxe7 19.
Rae1 Rae8 20. a3 d5 21. g4 d4 22. Bd2 h6 23. Re2 Bf6 24. f4 Qf7 25. Qxf7+ Rxf7
26. Rfe1 Rfe7 27. g5 exf4 28. Rxe7 Bxe7 29. f6 Kf7 30. Rxe7+ Rxe7 31. fxe7 hxg5
32. h4 gxh4 33. Bxf4 Kxe7 34. Bg5+ Ke6 35. Bxh4 c4 36. b3 cxb3 37. cxb3 Kf5 38.
Bf2 Ke5 39. b4 g6 40. Kh2 Kf4 41. Bxd4 Kf3 42. Bf6 Kf4 43. d4 Kg4 44. d5 Kf5
45. Be7 Ke5 46. d6 Ke6 47. Kh3 Kf7 48. Bd8 Ke6 49. Bc7 Kd7 50. Kh4 Ke6 51. Kg5
Kd7 52. Kxg6 Ke6 53. Bb8 Kd7 54. Kf7 Kc8 55. Ke8 Kxb8 56. d7 Ka7 57. d8=Q Kb7
58. Kd7 Ka7 59. Kc7 a5 60. Qb8+ Ka6 61. Qb6# 1-0

[Event "ICS Rated blitz match"]
[Site "207.99.83.227"]
[Date "1999.04.22"]
[Round "?"]
[White "Hossa"]
[Black "rb"]
[Result "1-0"]
[WhiteElo "2422"]
[BlackElo "2305"]
[PlyCount "143"]

1. c4 c6 2. e4 d5 3. cxd5 e6 4. dxc6 Nxc6 5. Bb5 Qg5 6. Bxc6+ bxc6 7. Qf3 Nf6
8. Nc3 Qe5 9. d3 Ba6 10. Bf4 Qd4 11. Rd1 Qb6 12. Qe2 Bc5 13. Nf3 Rd8 14. Bg5 h6
15. Bxf6 gxf6 16. O-O Qb4 17. Kh1 e5 18. Nh4 Bc8 19. Qf3 Be7 20. Rd2 Rg8 21.
Qe3 Bc5 22. Qxh6 Bd4 23. Rc2 Ba6 24. Qxf6 Qd6 25. Qxd6 Rxd6 26. Rd1 Rh6 27. Nf5
Rh5 28. Nxd4 exd4 29. Na4 Rgh8 30. h3 Ra5 31. b3 Rh6 32. Nc5 Rh5 33. b4 Ra3 34.
Nxa6 Rxa6 35. Rdd2 Ra4 36. Rxc6 Rxb4 37. Rc8+ Kd7 38. Rc4 Rhb5 39. a4 Rxc4 40.
dxc4 Rb4 41. Rxd4+ Ke6 42. a5 Ra4 43. Rd8 Rxa5 44. Re8+ Kf6 45. f3 Rc5 46. Ra8
Rc7 47. h4 Ke5 48. h5 Kd4 49. h6 f6 50. Rd8+ Ke5 51. c5 Rh7 52. Rd5+ Ke6 53.
Rh5 Kd7 54. g4 Rh8 55. e5 fxe5 56. g5 e4 57. fxe4 Ke6 58. g6 Rc8 59. g7 Kf7 60.
Rf5+ Kg8 61. c6 a5 62. Rf8+ Rxf8 63. gxf8=Q+ Kxf8 64. c7 Ke7 65. c8=Q Kf6 66.
Qa6+ Ke5 67. Qxa5+ Kxe4 68. Qc3 Kf4 69. h7 Kf5 70. h8=Q Ke6 71. Qce5+ Kf7 72.
Qee8# {rb checkmated} 1-0

[Event "ICS Rated blitz match"]
[Site "207.99.83.227"]
[Date "1999.04.22"]
[Round "?"]
[White "Hossa"]
[Black "rajah"]
[Result "0-1"]
[WhiteElo "2411"]
[BlackElo "2455"]
[Annotator "Crafty v16.6"]
[PlyCount "160"]

{annotating for player Hossa using a scoring margin of +0.10 pawns. search
time limit is 10.00} 1. e4 1... e6 2. d3 d5 3. exd5 exd5 4. Nf3 Nf6 5. Bg5 Bb4+
6. c3 Be7 7. Be2 O-O 8. O-O Nc6 9. d4 ({8:-0.24} 9. d4 9... Ne4 10. Be3 Re8 11.
Nbd2 Bf5 12. Nxe4 Bxe4 13. Re1 $10) ({8:-0.11} 9. Re1 9... Re8 10. Na3 Bxa3 11.
bxa3 d4 12. c4 Bg4 13. Rb1 $10) 9... Re8 10. Re1 Bf5 11. Nbd2 Qd6 12. Qb3 ({
8:-0.38} 12. Qb3 12... Rab8 13. c4 h6 14. cxd5 Nxd5 15. Nc4 Qe6 16. Bd3 $15) ({
8:-0.17} 12. Ne5 12... Nd7 13. Bf4 Ndxe5 14. dxe5 Qe6 15. Bh5 Bc5 16. Qf3 $10)
12... b6 13. Bb5 Bd7 14. Rad1 Ng4 15. Bxc6 Bxc6 16. Bxe7 Rxe7 17. Rxe7 Qxe7 18.
Re1 Qd6 19. c4 dxc4 20. Qxc4 Bd5 21. Qa4 c6 22. a3 a5 23. Qd1 Rd8 24. Qe2 h5
25. Ne4 Qg6 26. Ned2 Qc2 27. b4 axb4 28. axb4 Nf6 29. Qa6 Re8 30. Rxe8+ Nxe8
31. Qf1 Qb2 32. Qe1 Nd6 33. Kh1 Qxb4 34. Qe7 f6 35. h3 b5 36. Qd8+ Kh7 37. Qf8
Qa3 38. Kh2 Nc4 39. Qe8 Bxf3 40. Nxf3 Qd6+ 41. Kh1 Qd5 42. Kg1 Nd6 43. Qe1 Ne4
44. Qb4 Qa2 45. Qe1 Qc2 46. h4 Kh8 47. Kh2 Kg8 48. Qe3 f5 49. Qf4 Nf6 50. Ng5
Ng4+ 51. Kg3 Qc3+ 52. Nf3 Nh6 53. Qg5 b4 54. Qxh5 Kf8 55. Qg5 b3 56. Qd8+ Kf7
57. Qd7+ Kg8 58. Qe8+ Kh7 59. Kf4 Qc1+ 60. Ke5 Ng4+ 61. Kxf5 Nf6 62. Qe6 b2 63.
Ng5+ Kh6 64. Nf7+ Kh5 65. Qe2+ Kxh4 66. g3+ Kh3 67. Ng5+ Kg2 68. f4+ Kh1 69.
Qf3+ Kg1 70. Kg6 b1=Q+ 71. Kxg7 Qf5 72. Qe2 Ng4 73. Nh3+ Kh1 74. Qf3+ Kh2 75.
Qxg4 Qxg4+ 76. Kf6 Kxh3 77. d5 Qa1+ 78. Ke7 Qa7+ 79. Kd6 Qg6+ 80. Ke5 Qe3# 0-1

[Event "ICS Rated blitz match"]
[Site "207.99.83.227"]
[Date "1999.04.22"]
[Round "?"]
[White "Prof-Moriarty"]
[Black "Hossa"]
[Result "0-1"]
[WhiteElo "2160"]
[BlackElo "2397"]
[PlyCount "72"]

1. d4 Nf6 2. Nf3 e6 3. e3 d5 4. Bd3 Bd6 5. Nbd2 O-O 6. O-O Nc6 7. b3 e5 8. dxe5
Nxe5 9. Nxe5 Bxe5 10. Ba3 c5 11. Bxc5 Bxh2+ 12. Kh1 Bd6 13. Bd4 Ng4 14. Nf3 Bc7
15. g3 Qd6 16. Kg2 Bd7 17. Rh1 f5 18. Qe2 Bb6 19. c3 Rac8 20. Rac1 Bxd4 21.
cxd4 Rxc1 22. Rxc1 a5 23. Qb2 Re8 24. Qc3 b6 25. Qc7 Qe6 26. Qf4 Qf6 27. Rc7
Be6 28. Ng5 Nh6 29. Nxe6 Qxe6 30. Bb5 Rf8 31. Rc6 Qe4+ 32. Qxe4 fxe4 33. Rxb6
Ng4 34. Bc6 Rxf2+ 35. Kh3 Nxe3 36. Bxd5+ 36... Nxd5 {Prof-Moriarty resigns} 0-1

[Event "ICS Rated blitz match"]
[Site "207.99.83.227"]
[Date "1999.04.22"]
[Round "?"]
[White "Hossa"]
[Black "Data"]
[Result "0-1"]
[WhiteElo "2404"]
[BlackElo "2883"]
[Annotator "Fritz 5.32 (10s)"]
[PlyCount "89"]

1. c4 g6 2. d4 Bg7 3. e4 c5 4. dxc5 (4. d5 d6 5. Nc3 a6 6. a4 e6 7. dxe6 fxe6
8. Bf4 e5 9. Be3 Nc6 10. Bd3 Nf6 11. f3 O-O 12. Nge2 Be6 13. O-O Qd7 14. Rc1
Nd4 15. Bxd4 cxd4 16. Nd5 Bxd5 17. cxd5 Bh6 18. Rc4 Rac8 19. b3 Rc7 20. f4 Ng4
21. fxe5 Be3+ 22. Kh1 Rxf1+ 23. Qxf1 23... Nf2+ {
0-1 Michenfelder,M-Nadenau,O/Untergrombach GER 1999 (23)}) 4... Na6 5. Nf3 $146
(5. Ne2 Nxc5 6. Nbc3 d6 7. Be3 Qa5 8. f3 Bd7 9. Rb1 Na4 10. Bd2 Nxc3 11. Nxc3
Rc8 12. Qb3 Qc7 13. Nd5 Qc6 14. Bc3 Nf6 15. Bd3 Qc5 16. Bxf6 Bxf6 17. Qxb7 Bg7
18. b4 Qd4 19. Rd1 e6 20. Be2 Qb2 21. Nc7+ Kd8 22. Na6 Bd4 23. e5 dxe5 24. c5
Qc3+ 25. Kf1 Qe3 26. Ke1 Bc3+ 27. Kf1 Bd4 28. Ke1 Ke7 29. Rd3 Qc1+ 30. Bd1 Qb2
31. Rd2 Qc3 32. Ba4 Rhd8 33. Ke2 Qc4+ 34. Kd1 Qc3 35. Re1 {
1-0 Akhmadeev V-Minasian Artashes/It open 1994 (35)}) (5. Qc2 Nxc5 6. Nc3 d6 7.
Nf3 Nf6 8. Be2 O-O 9. O-O a6 10. Rd1 Qc7 11. Bg5 Be6 12. Nd4 Ncd7 13. Rac1 Rfe8
14. Qd2 Rac8 15. b3 Qa5 16. f3 Qc5 17. Be3 Qc7 18. Kh1 Nf8 19. Rc2 Qb8 20. Rdc1
Bd7 21. b4 Ne6 22. Nb3 Nc7 23. a4 Be6 24. a5 Nh5 25. Nd4 Bd7 26. f4 Nxf4 27.
Bxf4 e5 28. Be3 exd4 29. Bxd4 Bxd4 30. Qxd4 Ne6 31. Qe3 Nc7 32. Qd4 Ne6 33. Qd2
Qc7 34. Nd5 Qd8 35. Qc3 {1-0 Schandorff,L-Hansen,G/Copenhagen DEN 1998 (35)})
5... Nxc5 6. Nbd2 $15 (6. e5 6... d6 $11) 6... Nf6 7. Qc2 O-O 8. Be2 b6 (8...
d6 9. O-O $11) 9. Rb1 (9. e5 9... Ne8 $11) 9... d5 10. exd5 {Weiss erobert Raum
} (10. cxd5 Ncxe4 11. Nxe4 11... Nxe4 $15) 10... Bf5 11. Qd1 Bxb1 12. Nxb1 Qd6
13. Qd4 $17 (13. Nc3 Nce4 14. Nxe4 14... Nxe4 $11) 13... e6 {
Schwarz erhaelt starke Initiative} 14. Bf4 Qd8 15. dxe6 Nxe6 16. Qxd8 Raxd8 17.
Bc1 Nh5 18. O-O $19 (18. g3 18... Nc5 $17) 18... Nhf4 19. Bd1 Nd3 20. Bd2 Nxb2
21. Bb3 a5 (21... h5 22. Re1 $19) 22. Bc3 Nc5 23. Bxg7 Kxg7 24. Nbd2 Rfe8 25.
Rb1 Nbd3 26. Kf1 f5 27. a4 (27. a3 27... Rd6 $19) 27... g5 28. Nxg5 28... Nc1
$1 {das wars} 29. Rxc1 Rxd2 30. Bc2 (30. Re1 {hilft allerdings auch nicht}
30... Rxe1+ $1 {das war die Absicht} 31. Kxe1 31... Nxb3 $19) 30... Ree2 31.
Bxf5 Rxf2+ 32. Ke1 Rde2+ 33. Kd1 33... Ra2 $1 {die Pointe. Droht Matt: Rf1} 34.
Rc2 (34. Bc2 {hilft auch nicht mehr} 34... Rf1+ 35. Kd2 Nb3+ 36. Ke3 36... Nxc1
$19) 34... Ra1+ 35. Rc1 Rf1+ 36. Ke2 (36. Kd2 {macht keinen grossen Unterschied
} 36... Rfxc1 37. Ne6+ Nxe6 38. Bxe6 38... Rh1 $19) 36... Rfxc1 37. Bxh7 Ra2+
38. Kf3 (38. Ke3 {nuetzt auch nichts mehr} 38... Rxc4 39. h4 39... Rxh4 $19)
38... Rc3+ 39. Kf4 Rxc4+ 40. Kf3 (40. Kg3 {waere gleichermassen fruchtlos}
40... Raxa4 41. Kf2 41... Rc3 $19) 40... Rc3+ 41. Kf4 Rxa4+ 42. Ke5 Rg4 43. h4
Nd7+ 44. Kd6 Rd4+ 45. Ke7 0-1

[Event "ICS rated blitz match"]
[Site "207.99.83.227"]
[Date "1999.04.22"]
[Round "?"]
[White "supernerd"]
[Black "Hossa"]
[Result "0-1"]
[WhiteElo "2260"]
[BlackElo "2402"]
[PlyCount "40"]

1. e4 Nf6 2. e5 Nd5 3. c4 Nb6 4. d4 d6 5. exd6 exd6 6. Nc3 Nc6 7. h3 Be7 8. Nf3
O-O 9. Be2 Bf5 10. d5 Na5 11. Nd4 Qd7 12. b3 Rae8 13. O-O Bf6 14. Be3 Kh8 15.
Qd2 Bxh3 16. gxh3 Qxh3 17. Rfd1 Be5 18. Nf3 Qg4+ 19. Kf1 Qh5 20. Nxe5 20...
Qh1# {supernerd checkmated} 0-1